书目信息 |
| 题名: |
中国文学理论批评史教程
|
|
| 作者: | 张少康 编著 | |
| 分册: | ||
| 出版信息: | 北京 北京大学出版社 1999 |
|
| 页数: | 493页 | |
| 开本: | 20cm | |
| 丛书名: | ||
| 单 册: | ||
| 中图分类: | I206.09 | |
| 科图分类: | ||
| 主题词: | 文学批评史--中国--高等学校--教材 | |
| 电子资源: | ||
| ISBN: | 7-301-04091-1 | |
| 000 | 00654nam0 2200205 45 | |
| 001 | 0310152110 | |
| 005 | 20031219104120.1 | |
| 010 | @a7-301-04091-1@dCNY25.00 | |
| 100 | @a20031015d1999 km y0chiy0120 ea | |
| 101 | 0 | @achi |
| 105 | @a z 000yy | |
| 200 | 1 | @a中国文学理论批评史教程@AZhong Guo Wen Xue Li Lun Pi Ping Shi Jiao Cheng@f张少康编著@FZhang Shao Kang Bian Zhu |
| 210 | @a北京@c北京大学出版社@d1999 | |
| 215 | @a493页@d20cm | |
| 300 | @a北京大学中国语言文学教材系列 | |
| 606 | 0 | @a文学批评史@x中国@x高等学校@x教材 |
| 690 | @aI206.09@v4 | |
| 701 | 0 | @a张少康@4编著 |
| 801 | @aCN@bTSTC@c20031015 | |
| 905 | @a213230@b326978-980@dI206.09@e15@f3 | |
| 中国文学理论批评史教程/张少康编著.-北京:北京大学出版社,1999 |
| 493页;20cm |
| 北京大学中国语言文学教材系列 |
| ISBN 7-301-04091-1:CNY25.00 |
| ● |
| 相关链接 |
|
|
|
|
正题名:中国文学理论批评史教程
索取号:I206.09/15
 
预约/预借
| 序号 | 登录号 | 条形码 | 馆藏地/架位号 | 状态 | 备注 |
| 1 | 0326978 | 203269783 | 第二借阅区/ [索取号:I206.09/15] | 在馆 | |
| 2 | 0326979 | 203269792 | 第二借阅区/ [索取号:I206.09/15] | 在馆 | |
| 3 | 0326980 | 203269809 | 第一样本阅览室/ [索取号:I206.09/15] | 在馆 |